|
|
|
|
| LEADER |
00000nab a2200000 ar4500 |
| 001 |
vtls009453676 |
| 003 |
SK-MaSNL |
| 005 |
20260430045404.0 |
| 008 |
081209c20081121xo |||||||||||000 b|slo |
| 015 |
|
|
|a SNBRB2008/12
|2 snkbucl
|
| 038 |
|
|
|a SNKBUCL
|
| 040 |
|
|
|a SNKBUCL
|b slo
|c SNKBUCL
|e AACR2
|
| 041 |
0 |
|
|a slo
|
| 044 |
|
|
|a xo
|c SK
|
| 080 |
|
|
|a 332.334.4:63
|x (437.6)
|2 1997
|
| 080 |
|
|
|a 631.6.02
|x (437.6)
|2 1997
|
| 080 |
|
|
|a 502.171:502.521
|x (437.6)
|2 1997
|
| 100 |
1 |
|
|a Konôpka, Jozef,
|d 1940-
|4 aut
|9 89185
|
| 245 |
1 |
0 |
|a Najcennejší prírodný zdroj
|c Jozef Konôpka
|
| 650 |
0 |
7 |
|a poľnohospodárska pôda
|2 snkbucl
|9 31794
|
| 650 |
0 |
7 |
|a využitie poľnohospodárskej pôdy
|2 snkbucl
|9 73610
|
| 650 |
0 |
7 |
|a ochrana pôdy
|2 snkbucl
|9 4189
|
| 651 |
|
7 |
|a Slovensko
|2 snkbucl
|9 14231
|
| 773 |
0 |
|
|t Sme. Roľnícke noviny
|g Č. 269 (21.11.2008)
|x 1335-440X
|
| 773 |
0 |
8 |
|i Príl.:
|t Roľnícke noviny
|g Č. 47 (21.11.2008), s. 10-11
|
| 852 |
|
|
|a SNK
|b KIS3GCP
|
| 958 |
|
|
|a SK
|
| 999 |
|
|
|c 2668656
|d 2670586
|